000 00265nam a2200109Ia 4500
008 200302s9999 xx 000 0 und d
100 _aNikolaus Pevsner
245 _aA History of Building Types
260 _bThames and Hudson Ltd.
260 _c1976
300 _a352 P.,
999 _c156
_d156